Remington: the science and practice of pharmacy (Record no. 3999)

MARC details
000 -LEADER
fixed length control field 01527cas a2200433 a 4500
001 - CONTROL NUMBER
control field 12479841
003 - CONTROL NUMBER IDENTIFIER
control field OSt
005 - DATE AND TIME OF LATEST TRANSACTION
control field 20170323133615.0
007 - PHYSICAL DESCRIPTION FIXED FIELD--GENERAL INFORMATION
fixed length control field t|
008 - FIXED-LENGTH DATA ELEMENTS--GENERAL INFORMATION
fixed length control field 950620c19959999enkzx p 0 a0eng c
010 ## - LIBRARY OF CONGRESS CONTROL NUMBER
LC control number sn 95040165
020 ## - INTERNATIONAL STANDARD BOOK NUMBER
International Standard Book Number 9780781746731
020 ## - INTERNATIONAL STANDARD BOOK NUMBER
International Standard Book Number 0781746736
035 ## - SYSTEM CONTROL NUMBER
System control number (OCoLC)ocm32678008
037 ## - SOURCE OF ACQUISITION
Source of stock number/acquisition K. Johnson, c/o Lippincott Williams & Wilkins, 530 Walnut St., Philadelphia, PA 19106
040 ## - CATALOGING SOURCE
Original cataloging agency DMLN
Language of cataloging eng
Transcribing agency NcU-H
Modifying agency OCoLC
042 ## - AUTHENTICATION CODE
Authentication code pcc
-- nsdp
050 00 - LIBRARY OF CONGRESS CALL NUMBER
Classification number RS91
Item number .R4
060 #4 - NATIONAL LIBRARY OF MEDICINE CALL NUMBER
Classification number QV 704
Item number R388
082 10 - DEWEY DECIMAL CLASSIFICATION NUMBER
Classification number QV 704
Edition number 13
Item number R284a 2000
100 ## - MAIN ENTRY--PERSONAL NAME
Personal name Philip, P. Gerbino
9 (RLIN) 11932
245 00 - TITLE STATEMENT
Title Remington: the science and practice of pharmacy
250 ## - EDITION STATEMENT
Edition statement 21st ed.
260 3# - PUBLICATION, DISTRIBUTION, ETC. (IMPRINT)
Place of publication, distribution, etc. Philadelphia;
Name of publisher, distributor, etc. Lippincott Williams,
Date of publication, distribution, etc. 2006
300 ## - PHYSICAL DESCRIPTION
Extent xxii,2393p, col.ill: 28.5cm
336 ## - CONTENT TYPE
Content type term text
Content type code txt
Source rdacontent
337 ## - MEDIA TYPE
Media type term unmediated
Media type code n
Source rdamedia
338 ## - CARRIER TYPE
Carrier type term volume
Carrier type code nc
Source rdacarrier
362 0# - DATES OF PUBLICATION AND/OR SEQUENTIAL DESIGNATION
Dates of publication and/or sequential designation 19th ed. (1995)-
504 ## - BIBLIOGRAPHY, ETC. NOTE
Bibliography, etc References, glossary, & index included
538 ## - SYSTEM DETAILS NOTE
System details note System requirements for accompanying discs: IBM or 100% compatible; DOS 3.0 or higher; Windows 3.1 or higher; 4Mb space on hard disk; CD-ROM drive.
588 ## - SOURCE OF DESCRIPTION NOTE
Source of description note Latest issue consulted: 22nd ed. (copyrighted 2013) (surrogate).
650 #0 - SUBJECT ADDED ENTRY--TOPICAL TERM
Topical term or geographic name as entry element Pharmacy
9 (RLIN) 8733
650 #0 - SUBJECT ADDED ENTRY--TOPICAL TERM
Topical term or geographic name as entry element Drug usage
9 (RLIN) 11933
780 00 - PRECEDING ENTRY
Title Remington's pharmaceutical sciences
International Standard Serial Number 0891-687X
Record control number (DLC) 60053334
-- (OCoLC)1343470
906 ## - LOCAL DATA ELEMENT F, LDF (RLIN)
a 7
b cbc
c serials
d 3
e ncip
f 19
g n-oclcserc
942 ## - ADDED ENTRY ELEMENTS (KOHA)
Source of classification or shelving scheme Dewey Decimal Classification
Koha item type Short Loan
Holdings
Withdrawn status Lost status Source of classification or shelving scheme Damaged status Not for loan Home library Current library Date acquired Source of acquisition Inventory number Total Checkouts Full call number Barcode Date last seen Koha item type
    Other/Generic Classification Scheme     MUST Main Library MUST Main Library 13/05/2016   05/23613   QV 704 R284a 2000 2016-1815 13/05/2016 Short Loan
    Other/Generic Classification Scheme     Pharmacy Department Library Pharmacy Department Library 23/03/2017   11/00067   QV 704 R284a 2000 2017-0513 23/03/2017 Short Loan
    Other/Generic Classification Scheme     Pharmacy Department Library Pharmacy Department Library 23/03/2017   11/00068   QV 704 R284a 2000 2017-0514 23/03/2017 Short Loan
    Other/Generic Classification Scheme     Pharmacy Department Library Pharmacy Department Library 23/03/2017   11/00069   QV 704 R284a 2000 2017-0515 23/03/2017 Short Loan